000 00690nam a2200229 a 4500
999 _c860
_d860
001 860
003 BD-JhCC
005 20171010194818.0
008 171010s2009 bg |||| |||| 000 0 ben d
020 _a984461389X
035 _a(BD-JhCC) 860
040 _aBD-JhCC
_dBD-JhCC
041 _aben
082 _a500
_bBAK 2009
100 _aবাকচী, প্রদীপ
245 _aসমুদ্র থেকে আকাশ /
_cপ্রদীপ বাকচী
260 _aঢাকা;
_bগতিধারা,
_c২০০৯
300 _a১৪৩ পৃ.;
_c২২ সে.মি.
650 _aScience
942 _2ddc
_cBK